| 000 | 00655nam a2200217 u 4500 | ||
|---|---|---|---|
| 005 | 20231025063700.0 | ||
| 008 | 120919s2005 mx r 000 0 spa d | ||
| 020 | _a9681675738 | ||
| 035 | _aUPN01000186630 | ||
| 049 | _aI | ||
| 050 | 4 |
_aPZ76.3 _bH4.4 |
|
| 100 | 1 |
_aHinojosa, Francisco, _d1954- _928902 |
|
| 245 | 1 | 0 |
_aHoja de Papel / _cFrancisco Hinojosa ; il. Rafael Barajas. |
| 260 |
_aMéxico : _bFCE, _c2005. |
||
| 300 |
_a[28] p. : _bil. col. |
||
| 440 | 4 | _aLos especiales de A la orilla del viento | |
| 650 | 4 |
_aCuentos infantiles mexicanos _97723 |
|
| 650 | 4 |
_aCaballos _vCuentos y leyendas _95246 |
|
| 905 | _aInfantil | ||
| 999 |
_c158733 _d158733 |
||